More Guerrilla Marketing Research: (Record no. 326059)

MARC details
000 -LEADER
fixed length control field 00567nam a2200157Ia 4500
008 - FIXED-LENGTH DATA ELEMENTS--GENERAL INFORMATION
fixed length control field 230718s9999 xx 000 0 und d
041 ## - LANGUAGE CODE
Language code of text/sound track or separate title eng
082 ## - DEWEY DECIMAL CLASSIFICATION NUMBER
Classification number 658.8'3
Item number KAD
100 ## - MAIN ENTRY--PERSONAL NAME
Personal name Kaden R.J.
9 (RLIN) 174551
245 ## - TITLE STATEMENT
Title More Guerrilla Marketing Research:
Remainder of title Asking The Right People, The Right Questions, The Right Way And Effectively Using The Answers To Make More Money
260 ## - PUBLICATION, DISTRIBUTION, ETC. (IMPRINT)
Date of publication, distribution, etc. 2010
Name of publisher, distributor, etc. Kogan Page
300 ## - PHYSICAL DESCRIPTION
Extent 349
365 ## - TRADE PRICE
Currency code Rs.
Price amount 495.00
700 ## - ADDED ENTRY--PERSONAL NAME
Personal name Kaden R.J., Linda G. & Levinson J.C.
9 (RLIN) 191613
906 ## - LOCAL DATA ELEMENT F, LDF (RLIN)
d O:0118519-Oct-2010B:558529-Sep-2010
c MGMT
b 123.75
Holdings
Withdrawn status Lost status Damaged status Not for loan Home library Current library Date acquired Vendor Budget Code Cost, normal purchase price Bill number Total Checkouts Full call number Barcode Date last seen Discount Cost, replacement price Bill Date Koha item type Original Barcode
        Cummins College of Engineering for Women Pune Cummins College of Engineering for Women Pune 19/10/2010 Tbs MGMT 371.25 5585   658.8'3 CCEP-BK-37266 18/07/2023 123.75 495.00 29/09/2010 Books 037266